| 000 | 00650nam a2200205 i 4500 | ||
|---|---|---|---|
| 001 | 180009 | ||
| 003 | ES-MaACL | ||
| 005 | 20260505171014.0 | ||
| 008 | 120320s1908 fr |||| | fre d | ||
| 080 | _a008(430)"17/18" | ||
| 100 | 1 |
_aStaël-Holstein, Germaine de, _d1766-1817 _9107844 |
|
| 245 | 1 | 0 |
_aDe L'Allemagne / _cMme. de Stäel. |
| 260 |
_aParis : _bErnest Flammarion, _c[1908?] |
||
| 300 |
_a2 v. (352, 356 p.) ; _c19 cm. |
||
| 490 | 1 | _aLes meilleurs auteurs classiques | |
| 651 | 4 |
_aAlemania- _xCivilización. _9137020 |
|
| 830 | 0 |
_aLes meilleurs auteurs classiques _9224582 |
|
| 852 |
_aES-MaACL _jD-4764-65 |
||
| 999 |
_c180009 _d180009 |
||